000 00746nam a22001697a 4500
003 OSt
005 20241002125451.0
008 241002b |||||||| |||| 00| 0 eng d
041 _aEnglish
082 _aCR/MOS/16 Acc.no. 10,065
110 _aParliament Of Ghana
245 _aReport Of The Finance Committee On Food, Agriculture And Cocoa Affairs On The Agreement For The Implementation Of The Provision Of the United nations Conventin On The Law Of The Sea Of 10th December,1982 Relating To The Conversation And Management Of Stranding Fish Stocks And Highly Migratory Fish Stocks.
260 _aAccra
_bParliament Of Ghana
_c28th July, 2016
300 _a4p.;
650 _2 Fish Stocks And Highly Migratory Fish Stocks.
942 _2ddc
_cRP
_n0
999 _c4573
_d4573